Neurología clínica (Record no. 134586)
[ view plain ]
| 000 -LEADER | |
|---|---|
| campo de control de longitud fija | 00721nam a2200169 i 4500 |
| 001 - NÚMERO DE CONTROL | |
| campo de control | 134586 |
| 003 - IDENTIFICADOR DE NÚMERO DE CONTROL | |
| campo de control | ES-MaACL |
| 007 - CAMPO FIJO DE DESCRIPCIÓN FÍSICA--INFORMACIÓN GENERAL | |
| campo de control de longitud fija | t| |
| 008 - DATOS DE LONGITUD FIJA--INFORMACIÓN GENERAL | |
| campo de control de longitud fija | 070912s1949 mx ||||1| spa d |
| 100 1# - ENTRADA PRINCIPAL--NOMBRE DE PERSONA | |
| Nombre de persona | Wechsler, Israel S. |
| 9 (RLIN) | 116275 |
| 245 10 - MENCIÓN DEL TÍTULO | |
| Título | Neurología clínica |
| Resto del título | : con una introducción a la historia de la neurología / |
| Mención de responsabilidad, etc. | Israel S. Wechsler ; traducción al castellano de la 6ª ed. en inglés, prologada por Gonzalo R. Lafora ; revisión de la traducción por Dionisio Nieto. |
| 260 ## - PUBLICACIÓN, DISTRIBUCIÓN, ETC. | |
| Lugar de publicación, distribución, etc. | México : |
| Nombre del editor, distribuidor, etc. | Edit. Hispano-Americana, |
| Fecha de publicación, distribución, etc. | [1949] |
| 300 ## - DESCRIPCIÓN FÍSICA | |
| Extensión | XVI, 646 p., 2 lám. color : |
| Otras características físicas | il. ; |
| Dimensiones | 25 cm. |
| 700 1# - ENTRADA AGREGADA--NOMBRE PERSONAL | |
| Nombre de persona | Rodríguez Lafora, Gonzalo. |
| 9 (RLIN) | 98594 |
| 700 1# - ENTRADA AGREGADA--NOMBRE PERSONAL | |
| Nombre de persona | Nieto, Dionisio. |
| 9 (RLIN) | 85655 |
| 852 ## - LOCALIZACIÓN | |
| Ubicación | ES-MaACL |
| Número de control de estantería | E-1602 |
| Sublocalización o colección | R.28624 |
| Estatus retirado | Estado de pérdida | Estado de daño | No para préstamo | Biblioteca de origen | Biblioteca actual | Ubicación en estantería | Fecha de adquisición | Fuente de adquisición | Total de préstamos | Signatura topográfica completa | Código de barras | Visto por última vez | Precio de reemplazo | Tipo de ítem Koha |
|---|---|---|---|---|---|---|---|---|---|---|---|---|---|---|
| Biblioteca del Ateneo de Madrid | Biblioteca del Ateneo de Madrid | Depósito 2 | 17/01/2008 | E-1602 | 1140086 | 23/02/2023 | 23/02/2023 | Libro impreso |
